Most Weeks At #1 In AP Poll College Football - Statistics

General Stats
  • This quiz has been taken 299 times
  • The average score is 31 of 43
Answer Stats
# Of Weeks At #1 Team % Correct
74 Alabama
99%
105 Ohio State
96%
41 Florida
95%
34 Michigan
95%
101 Oklahoma
95%
45 Texas
93%
91 USC
92%
72 Florida State
91%
15 Georgia
90%
30 LSU
89%
7 Clemson
87%
98 Notre Dame
87%
8 Oregon
84%
21 Penn State
84%
70 Nebraska
83%
7 UCLA
83%
19 Tennessee
82%
15 Washington
82%
68 Miami (FL)
81%
29 Michigan State
80%
9 Auburn
79%
1 Wisconsin
74%
6 Texas A&M
73%
11 Iowa
72%
7 Colorado
67%
5 Mississippi State
67%
3 Virginia
66%
1 Arkansas
65%
18 Minnesota
65%
2 TCU
61%
5 Ole Miss
60%
1 North Carolina
59%
21 Pittsburgh
59%
2 Missouri
57%
7 Syracuse
56%
4 BYU
55%
27 Army
54%
6 Maryland
52%
5 Purdue
50%
1 Boston College
46%
4 California
39%
5 Northwestern
38%
2 SMU
36%
No matching quizzes found
Score Distribution
Percent of People with Each Score
Percentile by Number Answered
Your Score History
You have not taken this quiz